000 00772nam a2200205Ia 4500
001 1663
003 GE_BSU
008 181216s||||||||xx |||||||||||||| ||und||
020 _a9789941432293
040 _cGE_BSU
245 _aინტერნეტი და საზოგადოება ინსო–2011
245 _bმეხუთე საეთაშორისო სამეცნიერო პრაქტიკული კონფერენციაა
260 _aქუთაისი
260 _bაკ. წერეთლის სახ. უნტის
260 _c2011
300 _a293 გვ. 19 სმ.
541 _h10 ლ.
653 _aინტერნეტი და საზოგადოება
942 _cBK
999 _c35780
_d35780